000
00213nam a2200097Ia 4500
005
20251222114404.0
008
251222s1900||||xx |||||||||||||| ||spa||
082
_a
DVD0090/T46
245
0
_a
Mao Tse Tung:
942
_c
DVD
999
_c
1765
_d
1765